000 01029aaa a2200193 a 4500
001 78844
003 BD-RjUL
005 20211209083159.0
008 211121s195? le ||||| |||| 00| 0 ara d
035 _a(BD-RjUL)79071
040 _aBD-RjUL
_beng
_cBD-RjUL
041 _aara
082 _223
_a297.09
245 1 0 _aتاريخ ابي الفداء المسمى المختصر في اخبار البشر.;;tarikh abi alfida' almusamaa almukhtasar fi akhbar albashari./
_cالملك المؤيد عماد الدين ابي الفداء اسماعيل بن علي بن مح almalik almuayid eimad aldiyn abi alfida' asmaeil bin eali bin mahmud aibn eumar bin shahinshah bin ayub ; ellq ealayh wawadae hawashih mahmud diub diuba, mahmuمود ابن عمر بن شاهنشاه بن ايوب ; علّق عليه ووضع حواشيه محمود ديوب ديوب، محمو
260 _amisr :
_bدار الكتب العلمية،
_c195?
300 _av. ;
_c26 cm
650 _aHistory
_vIslam
_xBiography
_9250288
942 _2ddc
_cBK
999 _c78844
_d78844